000
00270nam a22001217a 4500
008
170606b xxu||||| |||| 00| 0 eng d
041
_a
eng
080
_a
94
100
_a
18
101
_a
SHH
245
_a
THEORIES OF THE POLITICAL SYSTEM
_c
BLUHM,W.T
942
_2
udc
_c
BK
999
_c
16043
_d
16043